000
00215 a2200097 4500
001
7136
100
_a
Susini, A
245
_a
Filters, Amplifiers and servomechanisms
260
_a
_b
Heywood
_c
090
_c
5905
_d
5905
942
_a
NUST-CAE
_c
M
_c
32384
999
_c
242209
_d
242209